000
00317nam a2200145Ia 4500
100
_a
Vang Soren
942
_c
BK
654
_a
SQL & relational bases
245
_a
SQL & Relational Data Bases
260
_b
Galgotia
_a
New Delhi
_c
1991
082
_a
5.72
_b
PAN
300
_a
269
546
_a
ENGLISH
999
_c
28340
_d
28340